000 00191 a2200097 4500
001 14826
100 _a
245 _aThe Everest years
260 _aLondon
_bHodder
_c
090 _c11597
_d11597
942 _aNUST-CAE
_cM
_c1777
999 _c249899
_d249899